000 00299nam a2200121Ia 4500
005 20260326100027.0
008 260326s9999||||xx |||||||||||||| ||und||
100 _aDunlop, Beth
245 0 _aArt & crafts masterpieces /
_cBeth Dunlop
260 _bPhaidon
650 _aARQUITECTURA CIVIL
942 _cBK
999 _c6464
_d6464